Terapéutica especial de las enfermedades del corazón y de los vasos / (Record no. 130559)

MARC details
000 -LEADER
campo de control de longitud fija 00654nam a2200181 i 4500
001 - NÚMERO DE CONTROL
campo de control 130559
003 - IDENTIFICADOR DE NÚMERO DE CONTROL
campo de control ES-MaACL
005 - FECHA Y HORA DE LA ÚLTIMA TRANSACCIÓN
campo de control 20230906193755.0
007 - CAMPO FIJO DE DESCRIPCIÓN FÍSICA--INFORMACIÓN GENERAL
campo de control de longitud fija t|
008 - DATOS DE LONGITUD FIJA--INFORMACIÓN GENERAL
campo de control de longitud fija 070731s1943 sp ||||1| spa d
100 1# - ENTRADA PRINCIPAL--NOMBRE DE PERSONA
Nombre de persona Zárday, Imre von.
9 (RLIN) 118070
245 10 - MENCIÓN DEL TÍTULO
Título Terapéutica especial de las enfermedades del corazón y de los vasos /
Mención de responsabilidad, etc. por Imre von Zárday ; traducción directa de la segunda edición alemana por José M. Sacristán.
260 ## - PUBLICACIÓN, DISTRIBUCIÓN, ETC.
Lugar de publicación, distribución, etc. Madrid :
Nombre del editor, distribuidor, etc. Espasa-Calpe,
Fecha de publicación, distribución, etc. 1943.
300 ## - DESCRIPCIÓN FÍSICA
Extensión XVI, 184 p. ;
Dimensiones 22 cm.
650 14 - PUNTO DE ACCESO ADICIONAL DE MATERIA--TÉRMINO DE MATERIA
Término de materia o nombre geográfico como elemento de entrada Cardiopatía coronaria.
9 (RLIN) 10776
700 1# - ENTRADA AGREGADA--NOMBRE PERSONAL
Nombre de persona Sacristán, José María.
9 (RLIN) 101267
852 ## - LOCALIZACIÓN
Ubicación ES-MaACL
Número de control de estantería C-5111
Sublocalización o colección R.25759
Holdings
Estatus retirado Estado de pérdida Estado de daño No para préstamo Biblioteca de origen Biblioteca actual Ubicación en estantería Fecha de adquisición Fuente de adquisición Total de préstamos Signatura topográfica completa Código de barras Visto por última vez Precio de reemplazo Tipo de ítem Koha
        Biblioteca del Ateneo de Madrid Biblioteca del Ateneo de Madrid Sala Palomar 17/01/2008     C-5111 1135937 23/02/2023 23/02/2023 Libro impreso